[Event "nurmalso scandinavian opening"]
[Site "SchemingMind.com"]
[Date "2017.06.16"]
[Round "-"]
[White "kenneth m day"]
[Black "Scooter"]
[Result "0-1"]
[WhiteCountry "USA"]
[BlackCountry "USA"]
[WhiteElo "1699"]
[WhiteRD "57"]
[BlackElo "1732"]
[BlackRD "51"]
[GameID "415151"]

1. e4 d5 2. exd5 Qxd5 3. Nc3 Qd8 4. d4 Nf6 5. Nf3 Bg4 6. Be2 Nc6 7. O-O e6 8. Bf4 Bd6 9. Bg5 O-O 10. h3 Bxf3
11. Bxf3 Na5 12. Ne4 Be7 13. Qd3 Nxe4 14. Bxe7 Qxe7 15. Bxe4 g6 16. Rae1 Rad8 17. c3 Qd6 18. Re3 Nc6 19. Rd1 b6 20. Bf3 Ne7
21. c4 Nf5 22. Re4 c5 23. d5 exd5 24. Qxd5 Qxd5 25. Rxd5 Rxd5 26. cxd5 Nd4 27. g4 Nxf3+ 28. Kg2 Nd2 29. Re2 Nc4 30. b3 Nd6
31. Re7 Ra8 32. Rd7 Ne4 33. Kf3 Nc3 34. a3 Nb5 35. a4 Nd4+ 36. Ke3 Nxb3 37. d6 Nd4
0-1

[Event "nurmalso scandinavian opening"]
[Site "SchemingMind.com"]
[Date "2017.06.15"]
[Round "-"]
[White "kenneth m day"]
[Black "frankly"]
[Result "0-1"]
[WhiteCountry "USA"]
[BlackCountry "ENG"]
[WhiteElo "1699"]
[WhiteRD "57"]
[BlackElo "2543"]
[BlackRD "62"]
[GameID "415152"]

1. e4 d5 2. exd5 Qxd5 3. Nc3 Qd6 4. d4 Nf6 5. Nf3 a6 6. Be2 Nc6 7. O-O Bg4 8. h3 Bh5 9. Be3 e6 10. Qd2 Rd8
11. Rad1 Qb4 12. b3 Qa5 13. g4 Bxg4 14. Qe1 Bxh3 15. Nh2 Bb4 16. Bd2 Nxd4 17. Bd3 Bxc3 18. Bxc3 Qg5+
0-1

[Event "nurmalso scandinavian opening"]
[Site "SchemingMind.com"]
[Date "2017.06.15"]
[Round "-"]
[White "frankly"]
[Black "kenneth m day"]
[Result "1-0"]
[WhiteCountry "ENG"]
[BlackCountry "USA"]
[WhiteElo "2533"]
[WhiteRD "59"]
[BlackElo "1714"]
[BlackRD "60"]
[GameID "415153"]

1. e4 d5 2. exd5 Qxd5 3. Nc3 Qd6 4. d4 Nf6 5. Nf3 Bg4 6. h3 Bd7 7. Bd3 a6 8. O-O e6 9. Re1 Be7 10. Ne4 Nxe4
11. Rxe4 Nc6 12. Bf4 Qb4 13. d5 Qxb2 14. dxc6 Bxc6 15. Be5 Qa3 16. Re3 O-O-O 17. Nd4 Qa4 18. Nxc6 Qxc6 19. Qe2 f6 20. Bg3 Bc5
21. Rxe6 Qd7 22. Rb1 Rhe8 23. Qe4 c6 24. Rxc6+ Qxc6 25. Qxc6+ bxc6 26. Bf5+ Rd7 27. Rb8#
1-0

[Event "nurmalso scandinavian opening"]
[Site "SchemingMind.com"]
[Date "2017.06.15"]
[Round "-"]
[White "kenneth m day"]
[Black "David Perna-Fraser"]
[Result "0-1"]
[WhiteCountry "USA"]
[BlackCountry "CAN"]
[WhiteElo "1726"]
[WhiteRD "63"]
[BlackElo "2049"]
[BlackRD "74"]
[GameID "415154"]

1. e4 d5 2. exd5 Nf6 3. Nf3 Nxd5 4. d4 e6 5. c4 Bb4+ 6. Bd2 Bxd2+ 7. Nbxd2 Nf6 8. Be2 b6 9. O-O Bb7 10. Bd3 c5
11. Re1 cxd4 12. Be2 Nc6 13. Bd3 O-O 14. Rc1 Nd7 15. Ne4 Nde5 16. Bb1 d3 17. Ned2 Nxf3+ 18. Qxf3 Qd7 19. Qxd3 Qxd3 20. Bxd3 Rad8
21. Rc3 Nb4 22. Re3 Nxa2 23. Ra3 Nb4 24. Rxa7 Ba6 25. h3 Rd6 26. Rxa6 Nxa6 27. Nf3 Nc5 28. Bc2 Ra8 29. Ne5 Ra2 30. Re2 f6
31. Nf3 g6 32. b4 Nb3 33. Ne1 Nd4 34. Rd2 e5 35. c5 bxc5 36. bxc5 Nf3+ 37. Nxf3 Rxd2 38. Bb3+ Kf8 39. Nxd2 Rxd2 40. c6 Ke7
41. Ba4 Kd6 42. Kf1 f5 43. Ke1 Rb2 44. g3 Rb4 45. Bc2 Kxc6 46. Ke2 Kc5
0-1

[Event "nurmalso scandinavian opening"]
[Site "SchemingMind.com"]
[Date "2017.06.15"]
[Round "-"]
[White "David Perna-Fraser"]
[Black "kenneth m day"]
[Result "1-0"]
[WhiteCountry "CAN"]
[BlackCountry "USA"]
[WhiteElo "2227"]
[WhiteRD "77"]
[BlackElo "1699"]
[BlackRD "57"]
[GameID "415155"]

1. e4 d5 2. exd5 Qxd5 3. Nc3 Qd6 4. d4 Nf6 5. Be2 c6 6. Nf3 Bg4 7. h3 Bxf3 8. Bxf3 Nbd7 9. O-O e6 10. Re1 O-O-O
11. a4 Be7 12. a5 Nb8 13. Be3 Na6 14. d5 exd5 15. Bxa7 Rhe8 16. Na4 Ne4 17. Bg4+
1-0

[Event "nurmalso scandinavian opening"]
[Site "SchemingMind.com"]
[Date "2017.06.15"]
[Round "-"]
[White "kenneth m day"]
[Black "Chivas"]
[Result "1-0"]
[WhiteCountry "USA"]
[BlackCountry "NOR"]
[WhiteElo "1726"]
[WhiteRD "60"]
[BlackElo "1886"]
[BlackRD "122"]
[GameID "415156"]

1. e4 d5 2. exd5 Nf6 3. Nf3 Bg4 4. d4 Qxd5 5. Be2 Nc6 6. Nc3 Qh5 7. Bf4 O-O-O 8. O-O Qf5 9. Be3 e5 10. Bd3 e4
11. Nxe4 Nxe4 12. h3 Bxf3 13. Qxf3 Qxf3 14. gxf3 Nf6 15. c3 Bd6 16. Bg5 Rhe8 17. Rae1 h6 18. Bh4 Ne7 19. Bg3 Nh5 20. Kg2 Nf4+
21. Bxf4 Bxf4 22. Re4
1-0

[Event "nurmalso scandinavian opening"]
[Site "SchemingMind.com"]
[Date "2017.06.15"]
[Round "-"]
[White "Chivas"]
[Black "kenneth m day"]
[Result "0-1"]
[WhiteCountry "NOR"]
[BlackCountry "USA"]
[WhiteElo "1886"]
[WhiteRD "122"]
[BlackElo "1726"]
[BlackRD "60"]
[GameID "415157"]

1. e4 d5 2. exd5 Qxd5 3. Nc3 Qd6 4. d4 Nf6 5. Nf3 a6 6. Bd3 Nc6 7. O-O Bg4 8. Ne4 Nxe4 9. Bxe4 O-O-O 10. Bxc6 Qxc6
11. Ne5 Bxd1 12. Nxc6 bxc6 13. Rxd1 e5 14. Be3 Bd6 15. c3 exd4 16. Rxd4 Rhe8 17. Rad1 f6 18. c4 c5 19. Rd5 Re5 20. b3 Rd7
0-1

[Event "nurmalso scandinavian opening"]
[Site "SchemingMind.com"]
[Date "2017.06.25"]
[Round "-"]
[White "anne"]
[Black "ray winteringham"]
[Result "1-0"]
[WhiteCountry "GER"]
[BlackCountry "ENG"]
[WhiteElo "2228"]
[WhiteRD "87"]
[BlackElo "1456"]
[BlackRD "51"]
[GameID "415615"]

1. e4 d5 2. e5 e6 3. Nf3 Bc5 4. d4 Bb6 5. Be3 f6 6. c4 c6 7. Bd3 f5 8. O-O Qe7 9. Nc3 Bd7 10. Qb3 Na6
11. c5 Bc7 12. Bg5 Qf7 13. Qxb7 Rb8 14. Qxa6 Bc8 15. Qxc6+ Qd7 16. Qxd7+ Bxd7 17. a4 Rxb2 18. Nb5 h6 19. Nxc7+ Kf7 20. Bb5 Bxb5
21. axb5 Ne7 22. Bxe7 Kxe7 23. Rxa7 Rd8 24. Nh4 Kf7 25. Nxd5+ Kg8 26. Nf6+
1-0

[Event "nurmalso scandinavian opening"]
[Site "SchemingMind.com"]
[Date "2017.06.25"]
[Round "-"]
[White "ray winteringham"]
[Black "anne"]
[Result "0-1"]
[WhiteCountry "ENG"]
[BlackCountry "GER"]
[WhiteElo "1456"]
[WhiteRD "51"]
[BlackElo "2228"]
[BlackRD "87"]
[GameID "415616"]

1. e4 d5 2. exd5 Nf6 3. c4 e6 4. Nf3 c5 5. dxc6 Nxc6 6. d3 Bb4+ 7. Nc3 e5 8. Bd2 O-O 9. Be2 Bg4 10. h3 Bxf3
11. Bxf3 Qxd3 12. Be2 Qg6 13. O-O Rfd8 14. Qe1 Nd4 15. Bd1 e4 16. a3 Nf3+ 17. Bxf3 exf3 18. g3 Qh5 19. h4 Qf5 20. Kh2 Rd4
21. Bf4 Rxf4 22. gxf4 Qxf4+
0-1

[Event "nurmalso scandinavian opening"]
[Site "SchemingMind.com"]
[Date "2017.06.30"]
[Round "-"]
[White "maro"]
[Black "ray winteringham"]
[Result "0-1"]
[WhiteCountry "MEX"]
[BlackCountry "ENG"]
[WhiteElo "1347"]
[WhiteRD "72"]
[BlackElo "1456"]
[BlackRD "51"]
[GameID "415617"]

1. e4 d5 2. d4 dxe4 3. Nc3 Bf5 4. Bf4 Nf6 5. Nb5 Na6 6. c3 c6 7. Na3 e6 8. Nc4 Be7 9. f3 O-O 10. g4 Bg6
11. Ne5 exf3 12. Nxg6 Nxg4 13. Nxf8 Bh4+ 14. Bg3 Bxg3+ 15. hxg3 f2+ 16. Kd2 fxg1=Q 17. Rxg1 Qg5+ 18. Kc2 Ne3+ 19. Kd3 Nxd1 20. Rxd1 Qf5+
21. Kd2 Kxf8 22. Bd3 Qg5+ 23. Kc2 g6 24. Rde1 Qh6 25. Rgf1 Qh2+ 26. Re2 Qxg3 27. a3 c5 28. dxc5 Rd8 29. Rd2 Nxc5 30. Bc4 Rxd2+
31. Kxd2 Ne4+ 32. Kc2 Qg2+ 33. Kb3 Nd2+
0-1

[Event "nurmalso scandinavian opening"]
[Site "SchemingMind.com"]
[Date "2017.06.30"]
[Round "-"]
[White "ray winteringham"]
[Black "maro"]
[Result "0-1"]
[WhiteCountry "ENG"]
[BlackCountry "MEX"]
[WhiteElo "1456"]
[WhiteRD "51"]
[BlackElo "1347"]
[BlackRD "72"]
[GameID "415618"]

1. e4 d5 2. e5 Nc6 3. d4 Bf5 4. c3 e6 5. Bd3 g6 6. Nf3 Be7 7. Be3 h5 8. Bxf5 gxf5 9. O-O Nh6 10. Bxh6 Rxh6
11. Nbd2 h4 12. h3 Bg5 13. Nxg5 Qxg5 14. f4 Qg3 15. Qf3 Qg8 16. Nb3 O-O-O 17. Kf2 Ne7 18. Rg1 Rg6 19. Nc5 Rg3 20. Qh5 Ng6
21. Raf1 Nxf4 22. Qxh4 Nd3+ 23. Ke2 Nxb2 24. Rf2 Rxc3 25. Qf4 b6 26. Rb1 Rc2+ 27. Ke3 Rxf2 28. Qxf2 Nc4+ 29. Kd3 bxc5 30. Rg1 Kd7
31. dxc5 Rb8 32. c6+ Kxc6 33. Qxa7 Qg3+ 34. Ke2 Rb2+
0-1

[Event "nurmalso scandinavian opening"]
[Site "SchemingMind.com"]
[Date "2017.06.25"]
[Round "-"]
[White "Scooter"]
[Black "ray winteringham"]
[Result "1-0"]
[WhiteCountry "USA"]
[BlackCountry "ENG"]
[WhiteElo "1732"]
[WhiteRD "51"]
[BlackElo "1456"]
[BlackRD "51"]
[GameID "415619"]

1. e4 d5 2. Nc3 d4 3. Nce2 e5 4. d3 Bd6 5. f4 f6 6. fxe5 Bxe5 7. Bf4 Ne7 8. Nf3 Nbc6 9. Bxe5 fxe5 10. Qd2 Be6
11. Qg5 Ng6 12. Qxd8+ Nxd8 13. b3 O-O 14. O-O-O c5 15. h3 Nc6 16. a3 b6 17. Ng5 Nd8 18. g4 h6 19. Nxe6 Nxe6 20. Ng3 Nh4
21. Nf5 Ng6 22. Ng3 Ng5 23. Nf5 Rad8 24. Bg2 Nf4 25. Rd2 h5 26. gxh5 Nxh5 27. h4 Nh7 28. Ne7+ Kf7 29. Nc6 Rd7 30. Nxe5+ Ke6
31. Nxd7 Kxd7 32. Rf1 N7f6 33. Rf3 Kd6 34. Bh3 Ke5 35. Rf5+ Kd6 36. Rg2 Rg8 37. Bg4 g6 38. Bxh5 Nxh5 39. Rxh5
1-0

[Event "nurmalso scandinavian opening"]
[Site "SchemingMind.com"]
[Date "2017.06.25"]
[Round "-"]
[White "ray winteringham"]
[Black "Scooter"]
[Result "1/2-1/2"]
[WhiteCountry "ENG"]
[BlackCountry "USA"]
[WhiteElo "1456"]
[WhiteRD "51"]
[BlackElo "1732"]
[BlackRD "51"]
[GameID "415620"]

1. e4 d5 2. exd5 Qxd5 3. Nc3 Qd8 4. Nf3 Bg4 5. Be2 Nf6 6. h3 Bxf3 7. Bxf3 c6 8. O-O e6 9. d3 Bb4 10. Bd2 O-O
11. a3 Bxc3 12. Bxc3 Nbd7 13. b4 Nd5 14. Bb2 N7f6 15. g3 a5 16. bxa5 Qxa5 17. Qe1 Qxe1 18. Rfxe1 Ra5 19. c4 Nb6 20. Bd4 Nbd7
21. Kg2 Ne8 22. Reb1 Nd6 23. Rb3 Nc5 24. Bxc5 Rxc5 25. h4 b5 26. Rc3 bxc4 27. d4 Rb5 28. Bxc6 Ra5 29. a4 Rc8 30. Bf3 Nf5
31. Bb7 Rc7 32. Be4 Nxd4 33. Rb1 g6 34. Rb4 Rac5 35. a5 Rxa5 36. Rcxc4 Rxc4 37. Rxc4 Nf5 38. Bxf5 exf5 39. Kf3 h5 40. Kf4 Kg7
41. f3 Ra6 42. Rd4 f6 43. g4 fxg4 44. fxg4 hxg4 45. Kxg4 Kh6 46. Kf4 g5+ 47. hxg5+ fxg5+ 48. Kg4=
1/2-1/2

[Event "nurmalso scandinavian opening"]
[Site "SchemingMind.com"]
[Date "2017.06.25"]
[Round "-"]
[White "kenneth m day"]
[Black "ray winteringham"]
[Result "1/2-1/2"]
[WhiteCountry "USA"]
[BlackCountry "ENG"]
[WhiteElo "1699"]
[WhiteRD "57"]
[BlackElo "1456"]
[BlackRD "51"]
[GameID "415621"]

1. e4 d5 2. exd5 Qxd5 3. Nc3 Qd8 4. d4 Nf6 5. Bc4 e6 6. Nf3 Be7 7. O-O b6 8. Re1 Bb7 9. Bf4 Nbd7 10. h3 O-O
11. Qd3 Nh5 12. Bd2 Bxf3 13. Qxf3 Nhf6 14. Rad1 h6 15. Qg3 Kh7 16. Bd3+ g6 17. Qh4 h5 18. Bg5 Re8 19. Bxf6 Bxf6 20. Qxh5+ Kg7
21. Qg4 Nf8 22. Ne4 Qxd4 23. c3 Qd5 24. Bb1 Qb5 25. b3 Nh7 26. Nxf6 Nxf6 27. Qf4 Rac8 28. Re5 c5 29. Rd3 Nd5 30. Qc1 Qc6
31. c4 Nf6 32. Rg3 Rcd8 33. Re1 Rd4 34. Qe3 Rh8 35. Qe5 Qd6 36. Qxd6 Rxd6 37. Rge3 Rhd8 38. Kh2 a5 39. a3=
1/2-1/2

[Event "nurmalso scandinavian opening"]
[Site "SchemingMind.com"]
[Date "2017.06.25"]
[Round "-"]
[White "ray winteringham"]
[Black "kenneth m day"]
[Result "0-1"]
[WhiteCountry "ENG"]
[BlackCountry "USA"]
[WhiteElo "1468"]
[WhiteRD "51"]
[BlackElo "1714"]
[BlackRD "60"]
[GameID "415622"]

1. e4 d5 2. exd5 Qxd5 3. Nc3 Qd6 4. Nf3 Bg4 5. Bc4 Nf6 6. b3 e6 7. h3 Bxf3 8. Qxf3 Nc6 9. Bb2 O-O-O 10. O-O-O Be7
11. Nb5 Qc5 12. Qe3 Qxe3 13. fxe3 a6 14. Nc3 Bb4 15. Na4 b5 16. Bxf6 gxf6 17. Nb2 Rhg8 18. Bd3 f5 19. Rdf1 Rxg2 20. e4 Bxd2+
21. Kb1 f4 22. Rhg1 Rdg8 23. Rxg2 Rxg2 24. a3 e5 25. Ka2 Nd4 26. a4 c6 27. Kb1 Rh2 28. Rg1 Rxh3 29. Ka2 f6 30. Nd1 Rh6
31. Nf2 Rg6 32. Rh1 h6 33. Nd1 Ne6 34. Kb2 Ng7 35. c4 b4 36. Nf2 h5 37. Rh2 Be1 38. Nd1 h4 39. Nf2 Bxf2 40. Rxf2 h3
41. Bf1 Rg3 42. Rh2 Re3 43. Bxh3+ Kc7 44. Bf5 Nxf5 45. exf5 Kd6 46. Rh6 f3 47. Rxf6+ Kc5 48. Rh6 Re2+ 49. Kc1 f2
0-1

[Event "nurmalso scandinavian opening"]
[Site "SchemingMind.com"]
[Date "2017.06.25"]
[Round "-"]
[White "ray winteringham"]
[Black "frankly"]
[Result "0-1"]
[WhiteCountry "ENG"]
[BlackCountry "ENG"]
[WhiteElo "1456"]
[WhiteRD "51"]
[BlackElo "2543"]
[BlackRD "62"]
[GameID "415623"]

1. e4 d5 2. exd5 Nf6 3. Nc3 Nxd5 4. Bc4 Nc6 5. Bxd5 e6 6. Bxc6+ bxc6 7. Nf3 Bd6 8. b3 O-O 9. Bb2 Qf6 10. Qe2 Re8
11. O-O-O a5 12. Na4 e5 13. Kb1 Qg6 14. Rhg1 e4 15. Nh4 Qg5 16. g3 Bg4 17. f4 exf3 18. Qf2 Re2 19. Nxf3 Rxf2 20. Nxg5 Bxd1
21. Rxd1 Re8 22. Bc3 f6 23. Nh3 Rxh2 24. Nf4 h6 25. Bxa5 h5 26. d3 h4 27. Be1 Rh1 28. Kc1 Bxf4+ 29. gxf4 Rexe1 30. Nc3 Rxd1+
31. Nxd1 Rxd1+ 32. Kxd1 h3
0-1

[Event "nurmalso scandinavian opening"]
[Site "SchemingMind.com"]
[Date "2017.06.25"]
[Round "-"]
[White "frankly"]
[Black "ray winteringham"]
[Result "1-0"]
[WhiteCountry "ENG"]
[BlackCountry "ENG"]
[WhiteElo "2543"]
[WhiteRD "62"]
[BlackElo "1456"]
[BlackRD "51"]
[GameID "415624"]

1. e4 d5 2. exd5 Qxd5 3. Nc3 Qd8 4. d4 Nf6 5. Nf3 Bf5 6. Bd3 Bg6 7. Bg5 e6 8. Qe2 Be7 9. O-O-O O-O 10. Bxg6 fxg6
11. Qxe6+ Kh8 12. Ne5 Qe8 13. Rhe1 Nc6 14. Nxc6 Bd6 15. Na5 b6 16. Nc4 Qxe6 17. Rxe6 Bb4 18. Bxf6 gxf6 19. Nd5 Rac8 20. Nxb4 c5
21. Nd5
1-0

[Event "nurmalso scandinavian opening"]
[Site "SchemingMind.com"]
[Date "2017.06.25"]
[Round "-"]
[White "ray winteringham"]
[Black "David Perna-Fraser"]
[Result "0-1"]
[WhiteCountry "ENG"]
[BlackCountry "CAN"]
[WhiteElo "1456"]
[WhiteRD "51"]
[BlackElo "2227"]
[BlackRD "77"]
[GameID "415625"]

1. e4 d5 2. exd5 Nf6 3. c4 c6 4. dxc6 Nxc6 5. b3 Qd4 6. Nc3 Ne4 7. Nxe4 Qxa1 8. Qc2 Nb4 9. Qb2 Qxa2 10. Qxa2 Nxa2
11. Bb2 Bf5 12. Bd3 e6 13. Ne2 Nb4 14. Bb1 O-O-O 15. N2g3 Nd3+ 16. Ke2 Bxe4 17. Nxe4 Nxb2 18. Rc1 Ba3 19. Rc2 Rd4 20. Nc3 a6
21. Nd1 Nxd1 22. Kxd1 Rhd8 23. f3 Bb4 24. h3 Bxd2 25. Ke2 Bb4 26. g4 Rd2+ 27. Ke3 R8d3+ 28. Kf4 Bd6+ 29. Kg5 Rxc2 30. Bxc2 Rxf3
31. Kh4 g6 32. Kg5 Be7+ 33. Kh6 Rxh3+ 34. Kg7 f5 35. Kf7 fxg4 36. Kxe7 g3 37. Be4 Rh4
0-1

[Event "nurmalso scandinavian opening"]
[Site "SchemingMind.com"]
[Date "2017.06.25"]
[Round "-"]
[White "David Perna-Fraser"]
[Black "ray winteringham"]
[Result "1-0"]
[WhiteCountry "CAN"]
[BlackCountry "ENG"]
[WhiteElo "2227"]
[WhiteRD "77"]
[BlackElo "1456"]
[BlackRD "51"]
[GameID "415626"]

1. e4 d5 2. exd5 Qxd5 3. Nc3 Qd8 4. Nf3 g6 5. d4 Bg7 6. Be3 Bd7 7. Bc4 Nf6 8. Qd2 e6 9. h4 Nc6 10. O-O-O O-O
11. Bg5 a6 12. h5 Qe8 13. hxg6 fxg6 14. d5 Na5 15. dxe6 Nxc4 16. exd7 Nxd2 17. dxe8=Q Nb3+ 18. axb3 Nxe8 19. Nd5 c6 20. Ne7+ Kf7
21. Rd7 Bf6 22. Bxf6 Kxf6 23. Rxb7 Nd6 24. Rd7 Nb5 25. Nxc6 Rac8 26. Nfd4 Nxd4 27. Nxd4 Rfe8 28. g4 Re4 29. f3 Re5 30. f4 Re4
31. g5#
1-0

[Event "nurmalso scandinavian opening"]
[Site "SchemingMind.com"]
[Date "2017.06.25"]
[Round "-"]
[White "ray winteringham"]
[Black "Chivas"]
[Result "0-1"]
[WhiteCountry "ENG"]
[BlackCountry "NOR"]
[WhiteElo "1468"]
[WhiteRD "51"]
[BlackElo "1968"]
[BlackRD "175"]
[GameID "415627"]

1. e4 d5 2. e5 c5 3. d4 cxd4 4. Qxd4 Nc6 5. Qf4 g6 6. Bb5 Bh6 7. Qa4 Bxc1 8. Bxc6+ bxc6 9. Qxc6+ Bd7 10. Qxd5 Bxb2
11. c3 e6 12. Qd4 Ne7 13. Nf3 Nf5 14. Qd2 Bxa1 15. Na3 Qa5 16. Nc4 Qxc3 17. O-O Qxd2 18. Nfxd2 Bc3 19. Ne4 Rc8 20. Ncd6+ Nxd6
21. Nxd6+ Ke7 22. Nxc8+ Rxc8
0-1

[Event "nurmalso scandinavian opening"]
[Site "SchemingMind.com"]
[Date "2017.06.25"]
[Round "-"]
[White "Chivas"]
[Black "ray winteringham"]
[Result "1-0"]
[WhiteCountry "NOR"]
[BlackCountry "ENG"]
[WhiteElo "2062"]
[WhiteRD "135"]
[BlackElo "1535"]
[BlackRD "53"]
[GameID "415628"]

1. e4 d5 2. exd5 Qxd5 3. Nc3 Qd8 4. d4 Bf5 5. Qf3 e6 6. Qxb7 Nd7 7. Nb5 Bd6 8. Nxd6+ cxd6 9. Nf3 Bxc2 10. Qc6 Rc8
11. Qxd6 Ngf6 12. Ba6 Rb8 13. O-O Bg6 14. b3 Rb6 15. Qa3 Nd5 16. Bc4 Nb4 17. Qxa7 Nc2 18. Bf4 Qc8 19. Rac1 O-O 20. Rfd1 Nb4
21. Bxe6 Rb7 22. Rxc8 Rxa7 23. Rxf8+ Kxf8 24. Bd6+ Kg8 25. Bxd7 Nxa2 26. Bb5 Nc3 27. Rc1 h6 28. Rxc3 Ra1+ 29. Bf1 f6 30. g3 Be4
31. b4 Rb1 32. Nd2
1-0

[Event "nurmalso scandinavian opening"]
[Site "SchemingMind.com"]
[Date "2017.07.01"]
[Round "-"]
[White "anne"]
[Black "flyinduck"]
[Result "1-0"]
[WhiteCountry "GER"]
[BlackCountry "CAN"]
[WhiteElo "2395"]
[WhiteRD "86"]
[BlackElo "2035"]
[BlackRD "67"]
[GameID "415787"]

1. e4 d5 2. e5 Bf5 3. d4 e6 4. Nf3 c5 5. Bb5+ Nc6 6. Be3 Qa5+ 7. Nc3 Bg4 8. dxc5 Nh6 9. Bxh6 gxh6 10. a3 Bg7
11. Qd4 Bf5 12. Qe3 O-O 13. Bxc6 bxc6 14. Nd4 Bg6 15. b4 Qc7 16. f4 Rae8 17. O-O f6 18. Rae1 fxe5 19. fxe5 Rxf1+ 20. Kxf1 a5
21. Kg1 axb4 22. axb4 h5 23. Nd1 Be4 24. Nf2 Bxe5 25. Nxe4 Bxh2+ 26. Kh1 dxe4 27. Qg5+ Kh8 28. Qxh5 Rd8 29. Nxe6
1-0

[Event "nurmalso scandinavian opening"]
[Site "SchemingMind.com"]
[Date "2017.07.02"]
[Round "-"]
[White "flyinduck"]
[Black "anne"]
[Result "1-0"]
[WhiteCountry "CAN"]
[BlackCountry "GER"]
[WhiteElo "2031"]
[WhiteRD "67"]
[BlackElo "2340"]
[BlackRD "89"]
[GameID "415788"]

1. e4 d5 2. exd5 Qxd5 3. Nc3 Qa5 4. Bc4 Nf6 5. d4 Bg4 6. f3 Bh5 7. Ne2 Nc6 8. Bd2 O-O-O 9. Nd5 Qa4 10. Bb3 Qa6
11. Nxf6 gxf6 12. c3 e5 13. d5 Na5 14. O-O Bc5+ 15. Kh1 Bg6 16. c4 Nxc4 17. Bxc4 Qxc4 18. Nc3 Bd3 19. Re1 Bf2 20. Be3 Qa6
21. Bxf2 h5 22. Re3 Bf5 23. Qb3 Kb8 24. Rc1 c6 25. dxc6 Qxc6 26. Ree1 Qe6 27. Qa3 a6 28. Nb5 Rd7 29. Nd4 exd4 30. Rxe6 Bxe6
31. Qc5 Rhd8 32. Qb6 Bf5 33. Bh4 Ka8 34. Bxf6 Rd6 35. Qxd8+ Rxd8 36. Bxd8 Ka7 37. Kg1 Bg6 38. Kf2 b5 39. Bf6 Kb7 40. Bxd4
1-0

[Event "nurmalso scandinavian opening"]
[Site "SchemingMind.com"]
[Date "2017.07.04"]
[Round "-"]
[White "maro"]
[Black "flyinduck"]
[Result "0-1"]
[WhiteCountry "MEX"]
[BlackCountry "CAN"]
[WhiteElo "1477"]
[WhiteRD "72"]
[BlackElo "2053"]
[BlackRD "68"]
[GameID "415789"]

1. e4 d5 2. d4 e6 3. e5 c5 4. b3 Nc6 5. dxc5 Bxc5 6. Nf3 Qb6 7. Be3 Bxe3 8. fxe3 Qxe3+ 9. Qe2 Qc1+ 10. Qd1 Qxd1+
11. Kxd1 Nge7 12. Bb5 Bd7 13. Nc3 a6 14. Bd3 Rc8 15. Kd2 Ng6 16. Rad1 Ncxe5 17. Nd4 Nxd3 18. Kxd3 O-O 19. Kd2 e5 20. Nf3 Bc6
21. Ne2 d4 22. Kc1 Be4 23. Rhf1 Rxc2+ 24. Kb1 Rxe2+ 25. Ka1 Rc8 26. Ng1 Rxg2 27. Nh3 Rcc2
0-1

[Event "nurmalso scandinavian opening"]
[Site "SchemingMind.com"]
[Date "2017.07.05"]
[Round "-"]
[White "flyinduck"]
[Black "maro"]
[Result "1-0"]
[WhiteCountry "CAN"]
[BlackCountry "MEX"]
[WhiteElo "2067"]
[WhiteRD "65"]
[BlackElo "1465"]
[BlackRD "75"]
[GameID "415790"]

1. e4 d5 2. exd5 e5 3. dxe6 Bxe6 4. d4 c6 5. Nf3 Bd6 6. Be2 Bd5 7. O-O h6 8. c4 Be4 9. Re1 Ne7 10. Nc3 Bg6
11. Nh4 O-O 12. Nxg6 Re8 13. Nxe7+ Rxe7 14. Be3 Bc7 15. Bf3 Nd7 16. Qc2 Nf6 17. Rad1 Qd6 18. g3 Ba5 19. a3 Rc8 20. Kg2 Rce8
21. Bf4 Qd7 22. b4 Bc7 23. Rxe7 Rxe7 24. Bxc7 Qxc7 25. d5 cxd5 26. Nxd5 Nxd5 27. Bxd5 b5 28. c5 Re5 29. Bf3 g6 30. Qd3 Kh7
31. Qd7 Qxd7 32. Rxd7
1-0

[Event "nurmalso scandinavian opening"]
[Site "SchemingMind.com"]
[Date "2017.07.05"]
[Round "-"]
[White "Scooter"]
[Black "flyinduck"]
[Result "0-1"]
[WhiteCountry "USA"]
[BlackCountry "CAN"]
[WhiteElo "1667"]
[WhiteRD "56"]
[BlackElo "1960"]
[BlackRD "65"]
[GameID "415791"]

1. e4 d5 2. exd5 Qxd5 3. Nc3 Qa5 4. b3 Nf6 5. Bb2 Bf5 6. h3 c6 7. Nf3 e6 8. Be2 Bd6 9. O-O O-O 10. Nh4 Nbd7
11. Nxf5 Qxf5 12. Bg4 Nxg4 13. hxg4 Qe5 14. g3 Rad8 15. Re1 Qa5 16. Ne4 Bb8 17. Bc3 Qc7 18. d3 c5 19. Qd2 f6 20. f4 b5
21. Qe3 Rfe8 22. Qd2 Kf7 23. g5 f5 24. Nf2 c4 25. Qe2 cxd3 26. Qh5+ Kg8 27. Nxd3 Qxc3
0-1

[Event "nurmalso scandinavian opening"]
[Site "SchemingMind.com"]
[Date "2017.07.05"]
[Round "-"]
[White "flyinduck"]
[Black "Scooter"]
[Result "1-0"]
[WhiteCountry "CAN"]
[BlackCountry "USA"]
[WhiteElo "1960"]
[WhiteRD "65"]
[BlackElo "1667"]
[BlackRD "56"]
[GameID "415792"]

1. e4 d5 2. exd5 Qxd5 3. Nc3 Qd8 4. d4 Nf6 5. Bc4 e6 6. Nf3 Bb4 7. O-O Bxc3 8. bxc3 Nd5 9. Ba3 Nxc3 10. Qd2 Ne4
11. Qf4 Nd6 12. Bd3 Nc6 13. Rfe1 Ne7 14. Rad1 Ng6 15. Bxg6 hxg6 16. d5 Qf6 17. Bxd6 cxd6 18. Qxd6 Qe7 19. Qe5 Qf6 20. Qc7 Qe7
21. Qc4 a6 22. d6 Qd7 23. Ne5 b5 24. Qf4
1-0

[Event "nurmalso scandinavian opening"]
[Site "SchemingMind.com"]
[Date "2017.07.05"]
[Round "-"]
[White "kenneth m day"]
[Black "flyinduck"]
[Result "0-1"]
[WhiteCountry "USA"]
[BlackCountry "CAN"]
[WhiteElo "1716"]
[WhiteRD "59"]
[BlackElo "2088"]
[BlackRD "65"]
[GameID "415793"]

1. e4 d5 2. exd5 Qxd5 3. Nc3 Qa5 4. d4 Nf6 5. Nf3 Bf5 6. Bd2 c6 7. Ne4 Qc7 8. Nxf6+ gxf6 9. Be2 e6 10. c4 Nd7
11. O-O Bd6 12. Rc1 O-O 13. Bh6 Rfe8 14. g3 c5 15. Re1 Rad8 16. Nh4 Bg6 17. Bh5 cxd4 18. Bxg6 fxg6 19. Qxd4 Bc5 20. Qc3 a5
21. Qf3 Qc6 22. Qxc6 bxc6 23. Re2 g5 24. Nf3 Kf7 25. h4 g4 26. Nh2 Ne5 27. Bf4 Nd3 28. Rcc2 Nxf4 29. gxf4 g3 30. Ng4 gxf2+
31. Nxf2 Rd4 32. Kg2 Rxf4 33. Ne4 Rg8+ 34. Kh3 Be7 35. Ng3 f5 36. Kg2 Bxh4 37. Re3 Rfg4
0-1

[Event "nurmalso scandinavian opening"]
[Site "SchemingMind.com"]
[Date "2017.07.05"]
[Round "-"]
[White "flyinduck"]
[Black "kenneth m day"]
[Result "1-0"]
[WhiteCountry "CAN"]
[BlackCountry "USA"]
[WhiteElo "2035"]
[WhiteRD "67"]
[BlackElo "1726"]
[BlackRD "60"]
[GameID "415794"]

1. e4 d5 2. exd5 Qxd5 3. Nc3 Qd6 4. d4 Nf6 5. Be2 Bf5 6. Nf3 e6 7. O-O Nc6 8. Nb5 Qd7 9. Ne5 Nxe5 10. dxe5 Nd5
11. Bg5 h6 12. Bh4 a6 13. Nd4 Bg6 14. Bf3 Be7 15. Bxe7 Kxe7 16. c4 Nb6 17. Bxb7 Qa4 18. Nc6+ Qxc6 19. Bxc6 Rad8 20. Qb3 Bd3
21. Qa3+
1-0